000 01504nam a22003137a 4500
003 OSt
005 20260123005114.0
008 260123b ||||| |||| 00| 0 eng d
040 _bEnglish.
_cCvSU-CCAT Campus Library.
_erda.
050 _aUM HF 5549.5.R3
_bD45 2023
100 _aDe Jesus, Eunice Rain E., author.
_918306
245 _aThe workplace environment, employees' retention, and performance : a focus on non-voiced BPO employees for an enhance staff development program (SDP) /
_cEunice Rain E. De Jesus, Hillard D. Noveno, Noemie E. Villamor.
260 _aRosario, Cavite :
_bCavite State University-CCAT Campus,
_c2023.
300 _axi, 147 leaves :
_billustrations ;
_c28 cm
500 _aUndergraduate Thesis (BSBM) -- Cavite State University-CCAT Campus, 2023.
504 _aIncludes bibliographical references and appendices.
546 _aIn English text
650 _aCall centers -- Employees -- Philippines.
_918307
650 _aBusiness process outsourcing -- Philippines.
_918308
650 _aEmployee retention -- Philippines.
_918309
650 _aWork environment -- Philippines.
_917660
650 _aPersonnel management -- Philippines.
_918028
700 _aNoveno, Hillard D., author.
_918310
700 _aVillamor, Noemie E., author.
_918311
700 _aTadeo, Jerico B., adviser.
_96612
700 _aAbug, Nerisa B., technical critic.
_99248
942 _2lcc
_cT/M/D
_hHF 5549.5.R3 D45 2023
_kUM
999 _c4634
_d4634